Railway accidents; (Record no. 74222)
[ view plain ]
| 000 -LEADER | |
|---|---|
| fixed length control field | 00970cam a22002291 4500 |
| 001 - CONTROL NUMBER | |
| control field | sa 67004019 |
| 003 - CONTROL NUMBER IDENTIFIER | |
| control field | DLC |
| 005 - DATE AND TIME OF LATEST TRANSACTION | |
| control field | 20260227112343.0 |
| 008 - FIXED-LENGTH DATA ELEMENTS--GENERAL INFORMATION | |
| fixed length control field | 780808s1951 ii f000 0 eng |
| 010 ## - LIBRARY OF CONGRESS CONTROL NUMBER | |
| LC control number | sa 67004019 |
| 035 ## - SYSTEM CONTROL NUMBER | |
| System control number | (OCoLC)4119875 |
| 040 ## - CATALOGING SOURCE | |
| Original cataloging agency | DLC |
| Transcribing agency | MnU |
| Modifying agency | DLC |
| 042 ## - AUTHENTICATION CODE | |
| Authentication code | premarc |
| 050 00 - LIBRARY OF CONGRESS CALL NUMBER | |
| Classification number | HE1783.I4 |
| Item number | A4998 |
| 110 1# - MAIN ENTRY--CORPORATE NAME | |
| Corporate name or jurisdiction name as entry element | India (Republic). |
| Subordinate unit | Railway Inspectorate. |
| 245 10 - TITLE STATEMENT | |
| Title | Railway accidents; |
| Remainder of title | report on the collision between 2 down Delhi-Calcutta mail and 4 down Bombay Calcutta mail at Hirodih station on the Grand Chord section of the E. I. Railway on 21st December, 1947. |
| 260 ## - PUBLICATION, DISTRIBUTION, ETC. | |
| Place of publication, distribution, etc. | Delhi, |
| Name of publisher, distributor, etc. | Manager of Publications, |
| Date of publication, distribution, etc. | 1951. |
| 300 ## - PHYSICAL DESCRIPTION | |
| Extent | 10 p. |
| Dimensions | 34 cm. |
| 500 ## - GENERAL NOTE | |
| General note | Cover title. |
| 650 #0 - SUBJECT ADDED ENTRY--TOPICAL TERM | |
| Topical term or geographic name entry element | Railroad accidents |
| Geographic subdivision | India |
| Form subdivision | Case studies. |
| 740 0# - ADDED ENTRY--UNCONTROLLED RELATED/ANALYTICAL TITLE | |
| Uncontrolled related/analytical title | Report on the collision between 2 down Delhi-Calcutta Mail and 4 down Bombay Calcutta Mail at Hirodih station on the Grand Chord section of the E. I. Railway on 21st December, 1947. |
No items available.